000 00417nam a2200157Ia 4500
008 230917s9999||||xx |||||||||||||| ||und||
040 _e95369
_aMAIN
041 _aEnglish
082 _a824.2 M83U
100 _aMore, Thomas
245 0 _aUTOPIA Sir Thomas More: A revised translation of background criticism
250 _a2nd ed.
260 _aNew York
_bW W Norton
_c1992
300 _alx, 260 p.
942 _cBK
999 _c113623
_d113623